000 00588nam a2200229Ia 4500
005 20260430150724.0
008 008 250103s9999 xx 000 0 eng d
037 _aTheses
040 _aCRL
040 _beng
040 _ceng
041 _2eng
041 _aeng
084 _qCRL
100 _aWani Gh. Hassan Au.; Karim Sayed Ali Gu.
_91238301
245 0 _aRajender Singh Bedi ka afsano mein nafsiyati kashmakash
260 _c2023
300 _a311p.
700 _aUniversity of Delhi. Faculty of Arts. Department of Urdu
942 _cTH
999 _c1850471
_d1850471